000
00276nam a2200109Ia 4500
008
220204s9999 xx 000 0 und d
100
_a
Chin, P S
245
0
_a
Studies on effluents from NR production in Malaysia
260
_a
UNIDO
_c
1975
700
_a
John, C K
942
_c
BK
999
_c
43419
_d
43419